000 01285nab a22002057a 4500
999 _c5963
_d5963
003 OSt
005 20260114140051.0
008 190605e xxu||||| |||| 00| 0 spa d
040 _cPJ
100 _91583
_aCornaglia, Ricardo J. Cornaglia
245 1 0 _aControl de constitucionalidad de la reforma laboral y el principio de progresividad. Naturaleza jurídica de la tarifación legal de la reparación de ilícitos laborales /
_cRicardo J. Cornaglia.
260 _aCiudad Autónoma de Buenos Aires :
_bThomson Reuters La Ley,
_c2024.
300 _ap. 37-45
500 _aCita: TR LALEY AR/DOC/2765/2024.
505 _aSumario: I. Introducción. — II. La competencia acotada del legislador social en relación con el llamado principio de progresividad. — III. La tacha de inconstitucionalidad por violar el principio de razonabilidad de la ley. — IV. Reparación de los daños y perjuicios en subsidio y la reparación del acto discriminatorio. — V. Conclusión.
505 _t¿Te interesa el texto completo? Solicitalo al correo: koha@justierradelfuego.gov.ar
650 0 _91316
_aDERECHO LABORAL
773 0 _02711
_93168
_dCiudad Autónoma de Buenos Aires : Thomson Reuters La Ley, 1999-2002.
_tRevista de derecho del trabajo. Nº 6 - Noviembre 2024
942 _2udc
_cANA